000 00404nam a2200181Ia 4500
008 220531s9999 xx 000 0 und d
041 _aeng
082 _bLAL
100 _aLall Ramji
_948306
245 _aJohn Milton : Paradise Lost
250 _a1ST
260 _bRama
_c2004
300 _a286
542 _d31-03-2006
650 _aEnglish
_948307
906 _d2005-2006
999 _c28280
_d28280